| 000 | 00695nam a2200229Ia 4500 | ||
|---|---|---|---|
| 008 | 160303s9999 xx 000 0 und d | ||
| 020 | _a1-59140-146-1 | ||
| 050 | _aMAIN HF 5548.32 | ||
| 050 | _b.E44 2004 | ||
| 245 | _aElectronic commerce in small to medium-sized enterprises : | ||
| 245 | _bframeworks, issues and implications / | ||
| 245 | _cedited by Nabeel A.Y. Al-Qirim. | ||
| 260 | _aHershey, PA : | ||
| 260 | _bIdea Group Publishing. | ||
| 260 | _c2004 | ||
| 300 | _a369 pages : | ||
| 300 | _c26 cm. | ||
| 500 | _aIncludes bibliographical references and index. | ||
| 650 | _aElectronic commerce. | ||
| 650 | _aSmall business -- | ||
| 650 | _xTechnological innovations. | ||
| 999 |
_c291095 _d291095 |
||